|
|
|
|
| LEADER |
00000cam a2200000 7i4500 |
| 001 |
0000013849 |
| 005 |
20080317.0 |
| 008 |
080205 |
| 020 |
|
|
|a 9971774194
|
| 090 |
0 |
0 |
|a 297.5
|b OSM
|
| 100 |
0 |
|
|a Osman bin Jantan,Haji
|
| 245 |
1 |
0 |
|a Pedoman mu'amalat dan munakahat
|c Haji Osman bin Jantan
|
| 260 |
|
|
|a Singapura :
|b Pustaka Nasional Pte Ltd ,
|c 2001
|
| 650 |
|
0 |
|a Islam
|x Customs and practices
|
| 650 |
|
0 |
|a Religious life
|x Islam
|
| 999 |
|
|
|a 0001006766
|b Book
|c Adult Collection
|e Perbadanan Perpustakaan Awam Johor
|
| 999 |
|
|
|a 0001006767
|b Book
|c Adult Collection
|e Perbadanan Perpustakaan Awam Johor
|
| 999 |
|
|
|a 0001006768
|b Book
|c Adult Collection
|e Perbadanan Perpustakaan Awam Johor
|